Statistics for Vehicles/Transportations That Start With D

Click here to take the quiz!

General Stats

  • This quiz has been taken 8 times
  • The average score is 5 of 14

Answer Stats

Answer% Correct
Dirt Bike
75%
Dinghy
63%
Dogsled
50%
Dump Truck
50%
Destroyer
38%
Diesel Truck
38%
Dirigible
38%
Delivery Truck
25%
Delivery Van
25%
Donkey Cart
25%
Dray
25%
Dugout Canoe
25%
Diving Bell
13%
Dog Cart
13%

Score Distribution

Percentile by Number Answered

Percent of People with Each Score

Your Score History

You have not taken this quiz